Národné bezpečnostné stratégia Ruskej federácie v 21. storočí diplomová práca

Uložené v:
Podrobná bibliografia
Hlavný autor: Jankola, Adam
Korporativný autor: Fakulta medzinárodných vzťahov EU. Katedra medzinárodných politických vzťahov
Ďalší autori: Škvrnda, František
Médium: Kniha
Jazyk:Slovak
Vydavateľské údaje: Bratislava 2018
Tagy: Pridať tag
Žiadne tagy, Buďte prvý, kto otaguje tento záznam!

MARC

LEADER 00000nbm a2200000 4500
001 0244465
005 20180806120104.9
041 0 |a slo 
044 |a SK 
245 1 0 |a Národné bezpečnostné stratégia Ruskej federácie v 21. storočí  |b diplomová práca  |c Adam Jankola ; školiteľ: František Škvrnda 
264 1 |a Bratislava  |c 2018 
300 |a 70 s. 
100 1 |a Jankola, Adam 
700 1 |a Škvrnda, František 
710 2 |a Fakulta medzinárodných vzťahov EU. Katedra medzinárodných politických vzťahov